| 000 | 01024nas a2200313 4500 | ||
|---|---|---|---|
| 001 | BR2014000132 | ||
| 003 | BR-BrBNA | ||
| 005 | 20231205123552.0 | ||
| 007 | ta | ||
| 008 | 230509b bl.|||p| |||| 00| 00por d | ||
| 040 |
_aBR-BrBNA _bpor _cBiblioteca Nacional de Agricultura |
||
| 041 | _a(Pt) | ||
| 072 | _aP34 | ||
| 100 | 1 | _aNunes, F.N. | |
| 100 | 1 | _aCantarutti, R.B. | |
| 100 | 1 | _aNovais, R.F. | |
| 100 | 1 | _aSilva, I.R. da | |
| 100 | 1 | _aTótola, M.R. | |
| 100 | 1 | _aRibeiro, B.N. | |
| 245 | 1 | _aAtividade de fosfatases em gramíneas forrageiras em resposta à disponibilidade de fósforo no solo e à altura de corte das plantas | |
| 650 | _aGRAMÍNEA FORRAGEIRA | ||
| 650 | _aBIOLOGIA DO SOLO | ||
| 650 | _aNUTRIENTE | ||
| 650 | _aENZIMA | ||
| 773 | 0 |
_tRevista Brasileira de Ciência do Solo (Brazil) _xISSN 0100-0683 _g(Sep-Oct 2008), v. 32(5) p. 1899-1909 _wBR2014000132 |
|
| 856 | 4 | 0 | _uhttp://www.scielo.br/pdf/rbcs/v32n5/11.pdf |
| 909 |
_a202311 _bLúcia _c55 _dLúcia Elande |
||
| 942 |
_2AGRIS _n0 _cANA |
||
| 999 |
_c234562 _d234562 |
||